000 00676nam a2200277Ia 4500
005 20251020182613.0
008 200515s9999 xx 000 0 und d
082 _aSC/69.05/C29/1998
100 _aCASTILLO ARISTONDO, Rodolfo
245 0 _aManual Básico del Ingeniero Residente en Edificación
250 _a4a ed.
260 _aLima
260 _c1998
300 _a178
650 _aCHIMENEAS
650 _aCIMENTACIONES
650 _aENCOFRADOS
650 _aESCALERAS
650 _aINGENIERO RESIDENTE
650 _aINSTALACIONES SANITARIAS
650 _aMANUALES
650 _aMUROS
650 _aPAVIMENTOS
650 _aPUB CAPECO
942 _cLIB
999 _c3411
_d3411